00653 2200229 4500001002100000005001500021035002000036245009700056100001600153250000600169300003500175700002600210260004700236082001000283084001600293020002200309650002400331990001700355990001700372990001700389990001700406INLIS00000000000013520180830031807 a0010-08180000991 aPengolahan Pandan menjadi Kerajinan Tangan /cYudi Irawan; Penyunting, Beti Dwi Septiningsih0 aYudi Irawan a- avi, 58 hlm. :bilus. ;c21 cm.0 aBeti Dwi Septiningsih aBandung :bPT Karsa Mandiri Persada,c2009 a745.5 a745.5 YUD p a978-979-005-039-9 aKeterampilan Tangan a00572/P/2018 a00573/P/2018 a00574/P/2018 a04469/H/2018